| Tag |
First Indicator |
Second Indicator |
Subfields |
| LEADER |
00000cam a2200000 a 4500 |
| 001 |
in00000495721 |
| 005 |
20151013072353.0 |
| 008 |
830315s1983 enk b 10000 eng |
| 010 |
|
|
|a 83126313
|
| 020 |
|
|
|a 0715617125 :
|c 9.95
|
| 035 |
|
|
|a (OCoLC)09739430
|
| 035 |
|
|
|9 ACE3728AM
|
| 039 |
0 |
|
|a 2
|b 3
|c 3
|d 3
|e 3
|
| 040 |
|
|
|a DLC
|c DLC
|d TXA
|d UtOrBLW
|
| 043 |
|
|
|a ew-----
|
| 049 |
|
|
|a TXAM
|c [1484136]
|
| 050 |
0 |
0 |
|a HN372
|b .N66 1983
|
| 082 |
0 |
|
|a 306/.094
|2 19
|
| 245 |
0 |
0 |
|a Non-conforming radicals of Europe /
|c edited with commentary by Edward Goodman.
|
| 264 |
|
1 |
|a London :
|b Duckworth,
|c 1983.
|
| 300 |
|
|
|a viii, 298 pages ;
|c 22 cm.
|
| 336 |
|
|
|a text
|b txt
|2 rdacontent
|
| 337 |
|
|
|a unmediated
|b n
|2 rdamedia
|
| 338 |
|
|
|a volume
|b nc
|2 rdacarrier
|
| 490 |
1 |
|
|a Acton Society Siena series
|
| 500 |
|
|
|a "Book arises out of several Acton Society seminars"--P. vii.
|
| 504 |
|
|
|a Includes bibliographical references.
|
| 650 |
|
0 |
|a Social prediction
|z Europe
|x Congresses.
|
| 650 |
|
0 |
|a Social ethics
|v Congresses.
|
| 651 |
|
0 |
|a Europe
|x Social conditions
|v Congresses.
|
| 651 |
|
0 |
|a Europe
|x Economic conditions
|v Congresses.
|
| 700 |
1 |
|
|a Goodman, Edward.
|
| 710 |
2 |
|
|a Acton Society Trust.
|
| 830 |
|
0 |
|a Acton Society Siena series.
|
| 999 |
|
|
|a MARS
|
| 999 |
f |
f |
|s 6716bed1-888f-3a26-9a5a-b3c5cd6e920f
|i c99abc89-0b06-3df5-b4ff-c0397b3692ad
|t 0
|
| 952 |
f |
f |
|p ric
|a Texas A&M University
|b Rellis Campus
|c Joint Library Facility
|d Remote Storage
|t 0
|e HN372 .N66 1983
|h Library of Congress classification
|i unmediated -- volume
|m A14807863210
|
| 998 |
f |
f |
|a HN372 .N66 1983
|t 0
|l Remote Storage
|